000 00683nam a22002537a 4500
001 BR6006931
003 BR-BrBNA
005 20230928093801.0
007 ta
008 230509b bl.||||| |||| 00| 0 por d
040 _aBR-BrBNA
_bpor
_cBiblioteca Nacional de Agricultura
041 _a(Por)
072 _aF01
_b1160
090 _ 1160 BR6006931
110 1 _aAssociacao Nordestina de Credito e Assistencia Rural do Piaui, Teresina (Brasil)
_9710
245 1 _aPlante cajueiros
260 3 _aTeresina, PI (Brasil):
_c[nd].
300 _a11 p.
650 _aCaju
650 _aPratica Cultural
650 _aPratico
909 _a202309
_bLucia
_c55
_dLucia Elande
942 _cBK
999 _c47080
_d47080